| 000 | 00365nam a22001457a 4500 | ||
|---|---|---|---|
| 999 |
_c197447 _d197447 |
||
| 008 | 230823b ||||| |||| 00| 0 eng d | ||
| 082 | _aS-SAV | ||
| 100 | _aSavitri | ||
| 245 |
_aTales from Indian Classics-1 _hEnglish |
||
| 260 |
_aDelhi _bA.I.C.B. _cRohini |
||
| 270 | _aA.I.C.B. Rohini, Delhi | ||
| 300 | _a12x13 | ||
| 490 | _v1 | ||
| 942 |
_2ddc _cBRLEN _kS _mSAV |
||